[Event "Nachod op"]
[Site "Nachod"]
[Date "2009.07.08"]
[Round "5"]
[White "Urbanec, Ladislav"]
[Black "Tejkal, Jiri"]
[Result "1-0"]
[WhiteElo "2287"]
[BlackElo "2009"]
[PlyCount "141"]
[EventDate "2009.07.04"]
[EventType "swiss"]
[EventRounds "9"]
[EventCountry "CZE"]
[SourceTitle "CBM 131 Extra"]
[Source "ChessBase"]
[SourceDate "2009.09.03"]
[SourceVersion "2"]
[SourceVersionDate "2009.09.16"]
[SourceQuality "1"]

1. e4 c5 2. Nf3 Nc6 3. c3 d5 4. exd5 Qxd5 5. d4 cxd4 6. cxd4 e5 7. Nc3 Bb4 8. Bd2 Bxc3 9. Bxc3 e4 10. Ne5 Nxe5 11. dxe5 Ne7 12. Qc2 Bf5 13. Rd1 Qc6 14. Rd6 Qc5 15. Qa4+ Nc6 16. Bb5 0-0 17. Bxc6 bxc6 18. Qxc6 Qxc6 19. Rxc6 Be6 20. a3 Rfc8 21. Rxc8+ Rxc8 22. Ke2 Kf8 23. Ke3 Bd5 24. Rd1 Bc6 25. Rd6 Ke8 26. g4 Ke7 27. h4 Rc7 28. g5 Bb7 29. h5 Rd7 30. h6 g6 31. Bd4 a6 32. Rb6 Kd8 33. e6 fxe6 34. Rxe6 Rf7 35. Bf6+ Kd7 36. Re5 Bc6 37. Ra5 Bb7 38. Kf4 Kd6 39. Ke3 Kc7 40. Re5 Bc6 41. Kd4 Kd6 42. Ra5 Bb7 43. Ra4 Rd7 44. Ke3 Ke6 45. Rc4 Rd3+ 46. Ke2 Rd7 47. a4 Kd5 48. Rb4 Kc5 49. Rb3 Kc6 50. Rc3+ Kd6 51. Rc4 Ke6 52. Rb4 Kd6 53. b3 Kc6 54. Rxe4 Kc5 55. Rc4+ Kd6 56. Ke3 Bd5 57. Rd4 Rb7 58. b4 Rb8 59. f4 Kc6 60. Be5 Rb7 61. Kd2 Rb6 62. Kc3 Rb7 63. Rd2 Rd7 64. Rb2 Be4 65. b5+ axb5 66. Rxb5 Bf5 67. Bd4 Rd8 68. Rxf5 gxf5 69. g6 Rd7 70. gxh7 Rxh7 71. Bg7 1-0

[Event "Nachod op"]
[Site "Nachod"]
[Date "2009.07.04"]
[Round "1"]
[White "Urbanec, Ladislav"]
[Black "Horyna, Josef"]
[Result "1-0"]
[WhiteElo "2287"]
[BlackElo "1887"]
[PlyCount "83"]
[EventDate "2009.07.04"]
[EventType "swiss"]
[EventRounds "9"]
[EventCountry "CZE"]
[SourceTitle "CBM 131 Extra"]
[Source "ChessBase"]
[SourceDate "2009.09.03"]
[SourceVersion "2"]
[SourceVersionDate "2009.09.16"]
[SourceQuality "1"]

1. e4 e6 2. d4 d5 3. Nd2 Nf6 4. e5 Nfd7 5. Bd3 c5 6. c3 Nc6 7. Ne2 Be7 8. 0-0 Qb6 9. Nf3 c4 10. Bc2 a5 11. b3 cxb3 12. axb3 f6 13. exf6 Nxf6 14. Qd3 Bd7 15. Ba3 Bxa3 16. Rxa3 Qd8 17. Re1 0-0 18. Ng3 g6 19. Ra2 b5 20. h3 b4 21. Ne5 Nxe5 22. dxe5 Ne8 23. cxb4 axb4 24. Rxa8 Qxa8 25. Qd4 Qc8 26. Bd3 Qb8 27. Ra1 Ng7 28. Ra7 Be8 29. h4 Rf7 30. Rxf7 Bxf7 31. Ne2 Nf5 32. Bxf5 gxf5 33. Nf4 Qc7 34. g3 Qc1+ 35. Kg2 Qa3 36. Qb6 Qxb3 37. Qd8+ Kg7 38. Qf6+ Kg8 39. Nxe6 Bxe6 40. Qxe6+ Kg7 41. Qf6+ Kg8 42. Qe6+ 1-0

[Event "CZE-chT1E 0607"]
[Site "Czech Republic"]
[Date "2006.12.10"]
[Round "4.1"]
[White "Mudrak, Josef"]
[Black "Urbanec, Ladislav"]
[Result "0-1"]
[WhiteElo "2368"]
[BlackElo "2293"]
[PlyCount "119"]
[EventDate "2006.10.15"]
[EventType "team"]
[EventRounds "11"]
[EventCountry "CZE"]
[SourceTitle "EXT 2008"]
[Source "ChessBase"]
[SourceDate "2007.11.25"]
[SourceVersion "1"]
[SourceVersionDate "2007.11.25"]
[SourceQuality "1"]

1. d4 Nf6 2. Nf3 d5 3. g3 c5 4. dxc5 e6 5. Be3 Nbd7 6. b4 a5 7. c3 axb4 8. cxb4 b6 9. cxb6 Bxb4+ 10. Nbd2 Nxb6 11. Qb3 Ba5 12. Bg2 Ba6 13. 0-0 Bxe2 14. Ne5 Qd6 15. Nd3 Nbd7 16. Rfe1 Bxd3 17. Qxd3 0-0 18. Red1 Ne5 19. Qe2 Neg4 20. Bd4 Qa6 21. Qf3 Bb6 22. Nb3 Bxd4 23. Nxd4 Qa3 24. Qe2 Rfb8 25. Rd2 Qa6 26. Qe1 Qd6 27. Rc1 Ne5 28. Bf1 Rb4 29. Bg2 h6 30. Rcd1 Nc4 31. Rc2 Rba4 32. Nb5 Qe5 33. Qf1 Rxa2 34. Rxc4 dxc4 35. Bxa8 Rxa8 36. Qxc4 Qh5 37. Nc3 Ng4 38. h4 Qf5 39. Rf1 Rb8 40. Ne4 Ne5 41. Qc7 Nf3+ 42. Kg2 Nxh4+ 43. Kg1 Nf3+ 44. Kg2 Rf8 45. Qb7 Ne5 46. Nd6 Qd3 47. Nc8 Qd7 48. Qxd7 Nxd7 49. Rc1 Nf6 50. Ne7+ Kh7 51. Rc7 Rd8 52. Nc6 Rd7 53. Rc8 g5 54. Ne5 Rb7 55. g4 Kg7 56. Kg3 Rb5 57. Nc4 Rb3+ 58. Ne3 Nd5 59. Kf3 Nxe3 60. fxe3 0-1

[Event "Nachod op"]
[Site "Nachod"]
[Date "2006.07.09"]
[Round "9"]
[White "Soural, Karel"]
[Black "Urbanec, Ladislav"]
[Result "1-0"]
[WhiteElo "2062"]
[BlackElo "2293"]
[PlyCount "72"]
[EventDate "2006.07.01"]
[EventType "swiss"]
[EventRounds "9"]
[EventCountry "CZE"]
[SourceTitle "CBM 113 Extra"]
[Source "ChessBase"]
[SourceDate "2006.09.14"]
[SourceVersion "1"]
[SourceVersionDate "2006.09.14"]
[SourceQuality "1"]

1. e4 d5 2. exd5 Qxd5 3. Nc3 Qa5 4. d4 Nf6 5. Bd3 c5 6. Nge2 Bg4 7. 0-0 e6 8. Bf4 Nbd7 9. a3 Be7 10. b4 Qd8 11. f3 Bh5 12. Ng3 Bg6 13. Nce4 0-0 14. Nxf6+ Nxf6 15. Bxg6 fxg6 16. c3 Qd5 17. Qe2 Nh5 18. Nxh5 Qxh5 19. Qe5 Qxe5 20. Bxe5 a5 21. Bc7 Rfc8 22. Bf4 b5 23. Rac1 axb4 24. axb4 Ra2 25. Rf2 Rca8 26. Rfc2 g5 27. Bd2 Kf8 28. Kf2 Ke8 29. Ke2 Kd7 30. h3 Kd6 31. Kd3 Rxc2 32. Rxc2 Kd5 33. Bc1 Ra1 34. Be3 Ra3 35. Bc1 Rb3 36. Rb2 Ra3 1-0

[Event "Nachod op"]
[Site "Nachod"]
[Date "2006.07.08"]
[Round "8"]
[White "Urbanec, Ladislav"]
[Black "Haba, Zdenek"]
[Result "1-0"]
[WhiteElo "2293"]
[BlackElo "2200"]
[PlyCount "107"]
[EventDate "2006.07.01"]
[EventType "swiss"]
[EventRounds "9"]
[EventCountry "CZE"]
[SourceTitle "CBM 113 Extra"]
[Source "ChessBase"]
[SourceDate "2006.09.14"]
[SourceVersion "1"]
[SourceVersionDate "2006.09.14"]
[SourceQuality "1"]

1. e4 c5 2. Nc3 Nc6 3. g3 g6 4. Bg2 Bg7 5. d3 d6 6. Be3 Nf6 7. Qc1 Nd4 8. Nce2 Ng4 9. Bd2 Qb6 10. c3 Ne5 11. Nf4 Ne6 12. Bf1 Nxf4 13. Bxf4 Bg4 14. h3 Be6 15. Be3 0-0 16. f4 Nd7 17. Bg2 f5 18. Nf3 Nf6 19. Qc2 fxe4 20. dxe4 Nh5 21. Kf2 Bd7 22. Rhd1 e5 23. Qb3+ Qxb3 24. axb3 exf4 25. gxf4 Nxf4 26. Rxd6 Bc6 27. Rxc6 bxc6 28. Bf1 Kh8 29. Bxc5 Rfe8 30. e5 Bf8 31. Be3 Nd5 32. Bd2 Bc5+ 33. Kg3 Ne7 34. Bd3 Rad8 35. Be4 Nf5+ 36. Bxf5 gxf5 37. Bg5 Rd3 38. Bf6+ Kg8 39. b4 Bb6 40. Kf4 Kf7 41. Rf1 h6 42. Kxf5 Re3 43. c4 Bc7 44. Kf4 Re2 45. Rd1 Bb8 46. Kf5 Re7 47. Rg1 Re8 48. Rd1 Re7 49. Bxe7 Kxe7 50. Rg1 Rf2 51. Ke4 Rxb2 52. Rg7+ Kd8 53. Nd4 Kc8 54. Nxc6 1-0

[Event "Nachod op"]
[Site "Nachod"]
[Date "2006.07.07"]
[Round "7"]
[White "Urbanec, Ladislav"]
[Black "Dostal, Pavel"]
[Result "1/2-1/2"]
[WhiteElo "2293"]
[BlackElo "2120"]
[PlyCount "50"]
[EventDate "2006.07.01"]
[EventType "swiss"]
[EventRounds "9"]
[EventCountry "CZE"]
[SourceTitle "CBM 113 Extra"]
[Source "ChessBase"]
[SourceDate "2006.09.14"]
[SourceVersion "1"]
[SourceVersionDate "2006.09.14"]
[SourceQuality "1"]

1. e4 Nf6 2. e5 Nd5 3. d4 d6 4. c4 Nb6 5. exd6 cxd6 6. Nc3 g6 7. Be3 Bg7 8. Qd2 0-0 9. b3 Nc6 10. Rd1 Bf5 11. Be2 e5 12. Nf3 e4 13. Ng5 d5 14. g4 Be6 15. c5 Nd7 16. Ncxe4 dxe4 17. d5 Bxd5 18. Qxd5 Qa5+ 19. Bd2 Qxa2 20. Qxd7 Rad8 21. Qxb7 Rxd2 22. Rxd2 Bc3 23. 0-0 Qxd2 24. Qxc6 Qxg5 25. Qxe4 Qxc5 1/2-1/2

[Event "Nachod op"]
[Site "Nachod"]
[Date "2006.07.02"]
[Round "2"]
[White "Urbanec, Ladislav"]
[Black "Kracik, Tomas"]
[Result "1-0"]
[WhiteElo "2293"]
[BlackElo "1892"]
[PlyCount "47"]
[EventDate "2006.07.01"]
[EventType "swiss"]
[EventRounds "9"]
[EventCountry "CZE"]
[SourceTitle "CBM 113 Extra"]
[Source "ChessBase"]
[SourceDate "2006.09.14"]
[SourceVersion "1"]
[SourceVersionDate "2006.09.14"]
[SourceQuality "1"]

1. e4 e6 2. d4 d5 3. Nd2 Nf6 4. e5 Nfd7 5. Bd3 c5 6. c3 Nc6 7. Ne2 Qb6 8. Nf3 cxd4 9. cxd4 f6 10. exf6 Nxf6 11. Nc3 Bd6 12. 0-0 0-0 13. a3 e5 14. Nxd5 Nxd5 15. Bc4 Nxd4 16. Bxd5+ Be6 17. Bxe6+ Nxe6 18. Qd5 Bc7 19. Ng5 Rfe8 20. Be3 Qd6 21. Qb3 e4 22. g3 Qe5 23. Bf4 Qf6 24. Nxe6 1-0

[Event "Brno op"]
[Site "Brno"]
[Date "2005.07.08"]
[Round "7"]
[White "Urbanec, Ladislav"]
[Black "Bardoux, Thierry"]
[Result "1-0"]
[WhiteElo "2255"]
[BlackElo "2181"]
[PlyCount "27"]
[EventDate "2005.07.02"]
[EventType "swiss"]
[EventRounds "7"]
[EventCountry "CZE"]
[SourceTitle "EXT 2006"]
[Source "ChessBase"]
[SourceDate "2005.11.24"]
[SourceVersion "1"]
[SourceVersionDate "2005.11.24"]
[SourceQuality "1"]

1. e4 c5 2. Nf3 d6 3. d4 cxd4 4. Nxd4 Nf6 5. Nc3 a6 6. Be2 e6 7. 0-0 Be7 8. f4 Qc7 9. Kh1 b5 10. e5 dxe5 11. fxe5 Qxe5 12. Bf3 Nd5 13. Bxd5 exd5 14. Bf4 1-0

[Event "Brno op"]
[Site "Brno"]
[Date "2005.07.06"]
[Round "5"]
[White "Urbanec, Ladislav"]
[Black "Hodovsky, Jiri"]
[Result "1/2-1/2"]
[WhiteElo "2255"]
[BlackElo "2116"]
[PlyCount "60"]
[EventDate "2005.07.02"]
[EventType "swiss"]
[EventRounds "7"]
[EventCountry "CZE"]
[SourceTitle "EXT 2006"]
[Source "ChessBase"]
[SourceDate "2005.11.24"]
[SourceVersion "1"]
[SourceVersionDate "2005.11.24"]
[SourceQuality "1"]

1. e4 e6 2. d4 d5 3. Nd2 Nf6 4. e5 Nfd7 5. Bd3 c5 6. c3 Nc6 7. Ne2 cxd4 8. cxd4 f6 9. exf6 Nxf6 10. Nf3 Bd6 11. Nc3 a6 12. 0-0 0-0 13. a3 Qc7 14. Bc2 Bd7 15. Re1 Rfe8 16. h3 Re7 17. Qd3 Be8 18. Nh4 Bf4 19. g3 Bxc1 20. Raxc1 g5 21. Ng2 Bg6 22. Qd2 Bxc2 23. Rxc2 Kh8 24. f4 Nh5 25. Ne2 Qb6 26. Rd1 e5 27. fxg5 exd4 28. Qd3 Ne5 29. Qxd4 Qxd4+ 30. Nxd4 Nxg3 1/2-1/2

[Event "Brno Duras BVK op-A"]
[Site "Brno"]
[Date "2004.07.08"]
[Round "6"]
[White "Pestov, Sergei M"]
[Black "Urbanec, Ladislav"]
[Result "0-1"]
[WhiteElo "2364"]
[BlackElo "2242"]
[PlyCount "136"]
[EventDate "2004.07.??"]
[EventType "swiss"]
[EventRounds "9"]
[EventCountry "CZE"]
[SourceTitle "EXT 2005"]
[Source "ChessBase"]
[SourceDate "2004.11.15"]
[SourceVersion "1"]
[SourceVersionDate "2004.11.15"]
[SourceQuality "1"]

1. c4 Nf6 2. Nc3 e6 3. e4 d5 4. e5 d4 5. exf6 dxc3 6. bxc3 Qxf6 7. Nf3 e5 8. Bd3 Bd6 9. 0-0 0-0 10. Be4 c6 11. Rb1 Qf4 12. d3 Qg4 13. Nd2 Qxd1 14. Rxd1 Nd7 15. d4 f5 16. Bc2 e4 17. Re1 b6 18. f3 exf3 19. Nxf3 Ba6 20. Bd3 g6 21. Bg5 Rfe8 22. Kf2 Kg7 23. Rxe8 Rxe8 24. Re1 Rxe1 25. Nxe1 h6 26. Bc1 Nf6 27. g3 Ne4+ 28. Kf3 Nxc3 29. c5 Bxd3 30. Nxd3 Bc7 31. Nb4 a5 32. Nxc6 Nxa2 33. Bf4 Bxf4 34. gxf4 bxc5 35. d5 Nb4 36. Nxa5 Nxd5 37. Nc4 g5 38. fxg5 hxg5 39. Nd6 Kf6 40. Ke2 Ke5 41. Nf7+ Kf4 42. Kd3 g4 43. Nd6 Ne3 44. Ke2 c4 45. Nb5 Nd5 46. Nd6 c3 47. Kd3 Nf6 48. Nb5 Ne4 49. Nd4 Ke5 50. Nc6+ Kd5 51. Ne7+ Ke6 52. Ng6 Kf6 53. Nf4 Kg5 54. Ne6+ Kh4 55. Nf4 Ng5 56. Kxc3 Nf3 57. Kd3 Nxh2 58. Ke3 g3 59. Ng6+ Kg4 60. Ne5+ Kh3 61. Ng6 Ng4+ 62. Kf3 Kh2 63. Nf4 Ne5+ 64. Ke3 Kh1 65. Ne2 g2 66. Kf4 Nc6 67. Ke3 f4+ 68. Kxf4 Nd4 0-1

[Event "MOR-chT2S 0203"]
[Site "Moravia"]
[Date "2003.01.26"]
[Round "7"]
[White "Tikovsky, Alexander"]
[Black "Urbanec, Ladislav"]
[Result "1-0"]
[WhiteElo "2202"]
[BlackElo "2244"]
[PlyCount "95"]
[EventDate "2002.10.??"]
[EventType "team"]
[EventRounds "11"]
[EventCountry "CZE"]
[SourceTitle "EXT 2006"]
[Source "ChessBase"]
[SourceDate "2005.11.24"]
[SourceVersion "1"]
[SourceVersionDate "2005.11.24"]
[SourceQuality "1"]

1. d4 Nf6 2. c4 c5 3. d5 e5 4. Nc3 d6 5. e4 Be7 6. h3 0-0 7. g4 a6 8. a4 b6 9. Be3 Qc7 10. Bd3 Bd7 11. Nge2 Qb7 12. Ng3 Rd8 13. 0-0 Be8 14. Qe2 Ra7 15. Rfb1 a5 16. Nb5 Bxb5 17. axb5 Nbd7 18. h4 Nf8 19. g5 Ne8 20. f3 g6 21. Qh2 f6 22. Bf1 fxg5 23. hxg5 Ng7 24. Bh3 Rda8 25. Rf1 Qb8 26. Ra3 Qd8 27. Qd2 Kh8 28. Bg4 Qe8 29. Rf2 Bd8 30. Rh2 Rf7 31. Rh3 Be7 32. Kg2 Qd8 33. Ra1 Ra7 34. Rah1 Rf4 35. Bxf4 exf4 36. Qxf4 Bxg5 37. Qxf8+ Qxf8 38. Rxh7+ Kg8 39. Rh8+ Kf7 40. Rxf8+ Kxf8 41. Rh8+ Ke7 42. Rb8 a4 43. Rxb6 a3 44. bxa3 Rxa3 45. e5 Ra2+ 46. Kh3 Bf4 47. e6 Nh5 48. Bxh5 1-0

[Event "Brno Duras BVK op-A"]
[Site "Brno"]
[Date "2003.??.??"]
[Round "5"]
[White "Urbanec, Ladislav"]
[Black "Nepomucky, Ondrej"]
[Result "1/2-1/2"]
[WhiteElo "2255"]
[BlackElo "2115"]
[PlyCount "74"]
[EventDate "2003.06.28"]
[EventType "swiss"]
[EventRounds "9"]
[EventCountry "CZE"]
[SourceTitle "EXT 2007"]
[Source "ChessBase"]
[SourceDate "2006.11.23"]
[SourceVersion "1"]
[SourceVersionDate "2006.11.23"]
[SourceQuality "1"]

1. e4 c5 2. Nf3 Nc6 3. d4 cxd4 4. Nxd4 Nf6 5. Nc3 e5 6. Ndb5 d6 7. Bg5 a6 8. Bxf6 gxf6 9. Na3 b5 10. Nd5 Bg7 11. c3 f5 12. exf5 Bxf5 13. Qf3 Be6 14. Nf4 exf4 15. Qxc6+ Ke7 16. Nc2 Re8 17. Bd3 Bd7 18. Qd5 Kf8+ 19. Kf1 Qf6 20. Bxh7 f3 21. Be4 Be6 22. Qxd6+ Kg8 23. Ne3 fxg2+ 24. Bxg2 Rad8 25. Qc5 Qg6 26. h4 Bh6 27. Be4 Bc4+ 28. Qxc4 Rxe4 29. Qc7 Rd2 30. Rg1 Rxf2+ 31. Kxf2 Bxe3+ 32. Kf3 Bxg1 33. Rxg1 Qxg1 34. Kxe4 Qe1+ 35. Kf5 Qxh4 36. Qc8+ Kg7 37. Qxa6 Qf2+ 1/2-1/2

[Event "Brno Duras BVK op-A"]
[Site "Brno"]
[Date "2002.??.??"]
[Round "5"]
[White "Urbanec, Ladislav"]
[Black "Bures, Vit"]
[Result "1-0"]
[WhiteElo "2229"]
[BlackElo "2165"]
[PlyCount "55"]
[EventDate "2002.??.??"]
[EventType "swiss"]
[EventRounds "9"]
[EventCountry "CZE"]
[SourceTitle "EXT 2006"]
[Source "ChessBase"]
[SourceDate "2005.11.24"]
[SourceVersion "1"]
[SourceVersionDate "2005.11.24"]
[SourceQuality "1"]

1. e4 c5 2. Nf3 d6 3. d4 cxd4 4. Nxd4 Nf6 5. Nc3 a6 6. Be2 e6 7. 0-0 Be7 8. f4 Nc6 9. Be3 0-0 10. Kh1 Qc7 11. Qe1 Nxd4 12. Bxd4 e5 13. Be3 exf4 14. Bxf4 Be6 15. Qg3 Rad8 16. Rad1 Ne8 17. e5 dxe5 18. Bxe5 Qc8 19. Rxd8 Qxd8 20. Rd1 Qa5 21. Bf3 Bf6 22. Nd5 Bxe5 23. Qxe5 Qxa2 24. Ne7+ Kh8 25. Qc5 Nf6 26. Ng6+ hxg6 27. Qxf8+ Kh7 28. Qb4 1-0

[Event "Brno Duras BVK op-A"]
[Site "Brno"]
[Date "2002.??.??"]
[Round "7"]
[White "Urbanec, Ladislav"]
[Black "Micanek, Tomas"]
[Result "1-0"]
[WhiteElo "2229"]
[BlackElo "2136"]
[PlyCount "89"]
[EventDate "2002.??.??"]
[EventType "swiss"]
[EventRounds "9"]
[EventCountry "CZE"]
[SourceTitle "EXT 2006"]
[Source "ChessBase"]
[SourceDate "2005.11.24"]
[SourceVersion "1"]
[SourceVersionDate "2005.11.24"]
[SourceQuality "1"]

1. e4 c5 2. Nf3 Nc6 3. d4 cxd4 4. Nxd4 Nf6 5. Nc3 e5 6. Ndb5 d6 7. Bg5 a6 8. Bxf6 gxf6 9. Na3 b5 10. Nd5 f5 11. exf5 Bxf5 12. Qf3 Nd4 13. Nc7+ Qxc7 14. Qxa8+ Ke7 15. Bd3 Bxd3 16. cxd3 Qa5+ 17. Kf1 Qd2 18. Qe4 Bh6 19. Re1 f5 20. Qxd4 Qxe1+ 21. Kxe1 exd4 22. Nc2 Bg7 23. f4 a5 24. Kd2 h5 25. Re1+ Kf7 26. Na3 Rb8 27. Rc1 Bh6 28. Rc7+ Kg6 29. g3 h4 30. Rd7 Bf8 31. Nc2 hxg3 32. hxg3 Kh5 33. Nxd4 Kg4 34. Rf7 Kxg3 35. Rxf5 Bh6 36. Rxb5 Bxf4+ 37. Kc3 Rc8+ 38. Kb3 Be5 39. Ne6 Re8 40. Nc7 Rf8 41. Rd5 Rb8+ 42. Nb5 Kf4 43. Ka3 Rh8 44. Nxd6 Rh2 45. Nc4 1-0

[Event "Brno Duras BVK op-A"]
[Site "Brno"]
[Date "2001.??.??"]
[Round "8"]
[White "Chytilek, Roman"]
[Black "Urbanec, Ladislav"]
[Result "1-0"]
[WhiteElo "2399"]
[BlackElo "2239"]
[PlyCount "35"]
[EventDate "2001.??.??"]
[EventType "swiss"]
[EventRounds "9"]
[EventCountry "CZE"]
[SourceTitle "EXT 2003"]
[Source "ChessBase"]
[SourceDate "2002.11.25"]
[SourceVersion "1"]
[SourceVersionDate "2002.11.25"]
[SourceQuality "1"]

1. d4 c5 2. d5 e5 3. e4 d6 4. Nc3 g6 5. Bb5+ Nd7 6. f4 Bg7 7. Nf3 exf4 8. Bxf4 Bxc3+ 9. bxc3 Qe7 10. 0-0 f6 11. e5 dxe5 12. Nxe5 fxe5 13. d6 Qe6 14. Bg5 Ngf6 15. Bxf6 0-0 16. Be7 Rf5 17. Rxf5 gxf5 18. Qd2 1-0

[Event "Brno Duras BVK op-A"]
[Site "Brno"]
[Date "2001.??.??"]
[Round "2"]
[White "Ribkinskis, Tomass"]
[Black "Urbanec, Ladislav"]
[Result "0-1"]
[WhiteElo "2045"]
[BlackElo "2215"]
[PlyCount "116"]
[EventDate "2001.??.??"]
[EventType "swiss"]
[EventRounds "9"]
[EventCountry "CZE"]
[SourceTitle "EXT 2003"]
[Source "ChessBase"]
[SourceDate "2002.11.25"]
[SourceVersion "1"]
[SourceVersionDate "2002.11.25"]
[SourceQuality "1"]

1. d4 Nf6 2. c4 e6 3. Nc3 Bb4 4. e3 d5 5. Bd3 0-0 6. Nge2 dxc4 7. Bxc4 a6 8. 0-0 b5 9. Bd3 Bb7 10. Ng3 c5 11. a3 Ba5 12. dxc5 Bxc3 13. bxc3 Nbd7 14. Bc2 Nxc5 15. Qe2 Nce4 16. Bb2 Qa5 17. Nxe4 Bxe4 18. Bb3 Bd5 19. c4 bxc4 20. Bxc4 Bxc4 21. Qxc4 Qb5 22. Qa2 Nd5 23. Bd4 Rfc8 24. Qd2 Qa4 25. Rfc1 Rxc1+ 26. Qxc1 Rb8 27. Rb1 Rxb1 28. Qxb1 Qxa3 29. Qb8+ Qf8 30. Qa7 Qc8 31. g3 h6 32. e4 Nb4 33. Qb6 Nc6 34. Bc5 Ne5 35. Qd6 Nc6 36. Bb6 Qb7 37. Qc5 Nb8 38. Qd4 Nd7 39. Ba5 Qb5 40. Bc3 e5 41. Qd1 Nf6 42. Qa1 Nxe4 43. Bxe5 f6 44. Qa2+ Kh8 45. Bd4 a5 46. h4 Qd3 47. Be3 Nxg3 48. Qxa5 Nf5 49. Qa4 Nxe3 50. Qe8+ Kh7 51. fxe3 Qg6+ 52. Qxg6+ Kxg6 53. Kg2 Kh5 54. Kg3 g5 55. hxg5 hxg5 56. e4 g4 57. Kg2 g3 58. Kg1 Kg4 0-1

[Event "Brno Duras BVK op-A"]
[Site "Brno"]
[Date "2001.??.??"]
[Round "4"]
[White "Spodny, Josef"]
[Black "Urbanec, Ladislav"]
[Result "0-1"]
[WhiteElo "2190"]
[BlackElo "2215"]
[PlyCount "68"]
[EventDate "2001.??.??"]
[EventType "swiss"]
[EventRounds "9"]
[EventCountry "CZE"]
[SourceTitle "EXT 2003"]
[Source "ChessBase"]
[SourceDate "2002.11.25"]
[SourceVersion "1"]
[SourceVersionDate "2002.11.25"]
[SourceQuality "1"]

1. e4 d5 2. Nc3 dxe4 3. Nxe4 f5 4. Nc3 e5 5. Bc4 Nf6 6. Qe2 Qe7 7. d3 Nc6 8. Bg5 Nd4 9. Qd2 Be6 10. Bxe6 Qxe6 11. Nge2 Bb4 12. 0-0 Nxe2+ 13. Qxe2 0-0 14. Bxf6 Rxf6 15. f4 Bxc3 16. bxc3 exf4 17. Qxe6+ Rxe6 18. Rxf4 g6 19. Rb1 b6 20. c4 Rae8 21. Kf1 Kf7 22. Rf2 Kf6 23. Rd1 Re3 24. Rb1 Ke5 25. Re2 Kd4 26. Rxe3 Rxe3 27. Rb3 f4 28. Kf2 g5 29. Ra3 a5 30. Rb3 g4 31. Rb5 g3+ 32. hxg3 fxg3+ 33. Kf1 Kc3 34. c5 Kd2 0-1

[Event "Brno Duras BVK op-A"]
[Site "Brno"]
[Date "2001.??.??"]
[Round "7"]
[White "Urbanec, Ladislav"]
[Black "Sakovich, Igor"]
[Result "1/2-1/2"]
[WhiteElo "2239"]
[BlackElo "2288"]
[PlyCount "63"]
[EventDate "2001.??.??"]
[EventType "swiss"]
[EventRounds "9"]
[EventCountry "CZE"]
[SourceTitle "EXT 2003"]
[Source "ChessBase"]
[SourceDate "2002.11.25"]
[SourceVersion "1"]
[SourceVersionDate "2002.11.25"]
[SourceQuality "1"]

1. e4 c5 2. Nc3 Nc6 3. g3 g6 4. Bg2 Bg7 5. d3 e6 6. Be3 d6 7. Qd2 Rb8 8. Nge2 Nd4 9. 0-0 Ne7 10. Nd1 0-0 11. c3 Nxe2+ 12. Qxe2 Nc6 13. f4 f5 14. e5 Rf7 15. d4 cxd4 16. cxd4 d5 17. Nc3 Bf8 18. a3 Na5 19. g4 Nc4 20. g5 b5 21. Rfb1 a6 22. Bc1 Bb7 23. b3 Nb6 24. Bd2 Nc8 25. Qe3 Na7 26. Bf1 Nc6 27. a4 b4 28. Ne2 Qb6 29. Be1 Rc8 30. Rd1 Rfc7 31. Qd3 Na5 32. Rac1 1/2-1/2